<?xml version="1.0" encoding="UTF-8"?>
<marc:record xmlns:marc="http://www.loc.gov/MARC21/slim">
   <marc:leader>00000nam a2200000 a 4500</marc:leader>
   <marc:datafield ind1="1" ind2=" " tag="100">
      <marc:subfield code="a">Zuckowski, Rolf</marc:subfield>
      <marc:subfield code="4">aut</marc:subfield>
      <marc:subfield code="e">Verfasser/-in</marc:subfield>
   </marc:datafield>
   <marc:datafield ind1="1" ind2=" " tag="100">
      <marc:subfield code="a">Ginsbach, Julia</marc:subfield>
   </marc:datafield>
   <marc:datafield ind1=" " ind2=" " tag="653">
      <marc:subfield code="a">Ostern</marc:subfield>
   </marc:datafield>
   <marc:datafield ind1=" " ind2=" " tag="653">
      <marc:subfield code="a">Osterhase</marc:subfield>
   </marc:datafield>
   <marc:datafield ind1=" " ind2=" " tag="653">
      <marc:subfield code="a">Frühling</marc:subfield>
   </marc:datafield>
   <marc:datafield ind1=" " ind2=" " tag="653">
      <marc:subfield code="a">Lieder</marc:subfield>
   </marc:datafield>
   <marc:datafield ind1="0" ind2="0" tag="245">
      <marc:subfield code="a">Rolfs Kinderfrühling [Tonträger]</marc:subfield>
   </marc:datafield>
   <marc:datafield ind1="0" ind2="0" tag="245">
      <marc:subfield code="b">mit "Stups, der kleine Osterhase" und vielen fröhlichen Kinderliedern</marc:subfield>
   </marc:datafield>
   <marc:datafield ind1="0" ind2="0" tag="245">
      <marc:subfield code="c">Rolf Zuckowski und sein Freunde. [Ill. von Julia Ginsbach]</marc:subfield>
   </marc:datafield>
   <marc:datafield ind1=" " ind2="1" tag="264">
      <marc:subfield code="a">Wien</marc:subfield>
      <marc:subfield code="b">Universal Music</marc:subfield>
      <marc:subfield code="c">2010</marc:subfield>
   </marc:datafield>
   <marc:datafield ind1="1" ind2=" " tag="520">
      <marc:subfield code="a">Winter ade. Rolf Zuckowski hat für seine kleinen und großen Hörer eine CD mit 14 fröhlichen Liedern zum Frühlingsanfang zusammen gestellt. Neben seinem Titelsong "Immer wieder kommt ein neuer Frühling" geht Zuckowski vor allem mit klassischen, von ihm interpretierten Volksliedern auf die lebensfrohe Jahreszeit nach der dunklen Winterperiode ein. Diese Volkslieder sind seit Generationen beliebt und begeistern Kinder, Eltern und Großeltern gleichermaßen. Dazu kommen Rolfs bekannteste Lieder zur Osterzeit  "Stups, der kleine Osterhase" und aus dem Hasenmusical das schwungvolle "Jetzt kommt die Osterzeit." Denn Frühlingszeit ist immer auch Osterzeit.</marc:subfield>
   </marc:datafield>
   <marc:datafield ind1=" " ind2=" " tag="020">
      <marc:subfield code="a">? 13,00</marc:subfield>
      <marc:subfield code="9">? 13,00</marc:subfield>
   </marc:datafield>
   <marc:datafield ind1=" " ind2=" " tag="041">
      <marc:subfield code="a">ger</marc:subfield>
   </marc:datafield>
   <marc:datafield ind1="0" ind2=" " tag="490">
      <marc:subfield code="v">0</marc:subfield>
   </marc:datafield>
   <marc:datafield ind1=" " ind2=" " tag="300">
      <marc:subfield code="a">33' : 1 CD mit Booklet und  Bilderbuch "Immer wieder kommt ein neuer Frühling"</marc:subfield>
   </marc:datafield>
</marc:record>
